WWE Royal Rumble - Qui a éliminé John Cena ? - Statistiques

Statistiques générales
  • Ce quiz a été pris 1 041 fois
    491 depuis la dernière actualisation
  • Le résultat moyen est 5 sur 7
Statistiques - réponses
Rumble Éliminé par % Correct
2025 Jey Uso
89%
2005 Batista
81%
2010 Edge
78%
2003 Undertaker
67%
2018 Shinsuke Nakamura
63%
2011 The Miz
57%
2004 Big Show
55%
Aucun quiz correspondant
Distribution des résultats
% des personnes avec chaque résultat
Percentile par nombre de réponses
Votre historique - résultats
Vous n’avez pas pris ce quiz depuis la dernière actualisation